000 00507ntaaa2200193 4500
003 01
005 20251027202109.0
008 0714s1973 ag 01
040 _aAR-BaBN
_bspa
_cAR-BaBN
_eaacr
_dRIC
082 _a252.0200 Sp9
100 _aSpurgeon, Charles Haddon
_911688
245 _aMy sermon notes
250 _a1 ed.
260 _aWestwood, N.J. :
_bFleming H. Revell Company,
_c1884
300 _axvi, 1067 p
500 _aApuntes de sermones de Spurgeon
650 _asermones
_9362
942 _cBK
999 _c15837
_d15837